| 000 | 00825nam a2200229 c 4500 | ||
|---|---|---|---|
| 005 | 20210212164356.0 | ||
| 008 | 120830s2006 sp |||gr|||| 00| 0 spa d | ||
| 020 | _a9788446022855 | ||
| 040 |
_aCO-BoUCM _bspa _cDeissy Garcia _dDeissy Garcia |
||
| 041 | 0 | _aspa | |
| 245 | 0 | 0 |
_aReligión y política _buna perspectiva comparada _cedición Ted Gerard Jelen y Clyde Wilcox |
| 260 |
_aMadrid _bAkal _c2006 |
||
| 300 | _a424 páginas | ||
| 504 | _aIncluye referencias bibliográficas | ||
| 650 | 7 |
_923515 _aReligión y política _xEstudios comparados |
|
| 650 | 0 |
_951725 _aTeología política |
|
| 650 | 7 |
_925239 _aTeología practica |
|
| 700 | 1 |
_9101588 _aJelen, Ted Gerard _eeditor |
|
| 700 | 1 |
_9102334 _aWilcox, Clyde _eeditor |
|
| 942 |
_cLIBRORESER _2DEWEY _a6 _e1 _h322.1 _mR382 _n0 |
||
| 999 |
_c318266 _d318266 |
||